00380nam a2200145 a 4500008004100000020001500041050001800056100001800074245002900092246004800121250001300169260002700182300001600209350000900225120416s0000 ||||||||||||||||| || u a0814477461 aHF 5438.4 Bro aBrown, Ronald10aFrom selling to managing aguidelines for the first time sales manager aRev. ed. aNew YorkbAMACOMc1990 a161p. : ill a0.00